Geography Quiz #6 - Statistics

General Stats
  • This quiz has been taken 20 times
  • The average score is 10 of 16
Answer Stats
Picture Answer % Correct
The Coliseum
95%
Adriatic Sea
89%
Bering Strait
89%
South China Sea
84%
Indochina
79%
Qatar
79%
Aral Sea
74%
Bangladesh
74%
Java
74%
The Great Pyramid
63%
Bahamas
58%
Singapore
53%
Istanbul
47%
Switzerland
37%
Rio de la Plata
16%
Pearl River Delta
5%
No matching quizzes found
Score Distribution
Percent of People with Each Score
Percentile by Number Answered
Your Score History
You have not taken this quiz